Copyright and multimedia products a comparative analysis
Multimedia products have become highly successful. Yet they are often inadequately protected by existing national and international copyright schemes. This study is one of the first comprehensive, comparative analyses of multimedia works and copyright protection. Stamatoudi considers the nature of t...
保存先:
| 第一著者: | |
|---|---|
| フォーマット: | 図書 |
| 言語: | Undetermined |
| 出版事項: |
Cambridge, UK,New York
Cambridge University Press
2002
|
| 主題: | |
| タグ: |
タグ追加
タグなし, このレコードへの初めてのタグを付けませんか!
|
| Thư viện lưu trữ: | Trung tâm Học liệu Trường Đại học Cần Thơ |
|---|
| LEADER | 01356nam a2200229Ia 4500 | ||
|---|---|---|---|
| 001 | CTU_158231 | ||
| 008 | 210402s9999 xx 000 0 und d | ||
| 020 | |c 140 | ||
| 082 | |a 346.0482 | ||
| 082 | |b S783 | ||
| 100 | |a Stamatoudi, Irini A. | ||
| 245 | 0 | |a Copyright and multimedia products | |
| 245 | 2 | |b a comparative analysis | |
| 245 | 0 | |c Irini A. Stamatoudi. | |
| 260 | |a Cambridge, UK,New York | ||
| 260 | |b Cambridge University Press | ||
| 260 | |c 2002 | ||
| 520 | |a Multimedia products have become highly successful. Yet they are often inadequately protected by existing national and international copyright schemes. This study is one of the first comprehensive, comparative analyses of multimedia works and copyright protection. Stamatoudi considers the nature of the multimedia work, and existing legislation, as well as collections and compilations, databases, audiovisual works and computer programs. Finally, she offers a model for a European legislative solution. Her work will interest academics and students, as well as lawyers and copyright policy makers | ||
| 650 | |a Copyright,Copyright,Copyright and electronic data processing.,Intellectual property,Luật sở hữu trí tuệ | ||
| 650 | |x Interactive multimedia,Audio-visual materials | ||
| 904 | |i Nguyên | ||
| 980 | |a Trung tâm Học liệu Trường Đại học Cần Thơ | ||